000 00678nam a2200217 a 4500
001 000034993
005 20240301180539.0
008 111024s1964 fr 000 0 fre d
040 _aDO-SdBNP
_bspa
_cBNPHU
041 1 7 _afre
082 _a335.41
_bG212k
100 1 _aGaraudy, Roger,
_d1913-
_960583
245 1 0 _aKarl Marx /
_cpar Roger Garaudy.
260 _aParís :
_bSeghers,
_c1964.
300 _a314 p. ;
_c16 cm.
504 _a"Breve cronología de la vida y obra de Karl Marx": p. 307-312
600 1 0 _aMarx, Karl,
_d1818-1883
_930439
650 4 _aComunismo
_xHistoria
_94265
650 4 _aComunistas
_xBiografías
_960602
910 _aValidado. Control de calidad MFF
999 _c34484
_d34484